Obálka Náhled e-knihy:
PDF Epub
Pro půjčování e-knih musíte být přihlášeni.
Jak si půjčit online?

Mrcha /

Proč by se v dospělosti měla trápit nepovedeným vztahem z puberty? Možná proto, že to nebyl rovnocenný vztah. Ona byla dítě. On byl dospělý.

Uloženo v:
Hlavní autor: Laubrová, Markéta (Autor)
Médium: E-kniha
Jazyk:Czech
Vydáno: V Praze : Pointa, 2025
Vydání:První vydání
Témata:
Tagy:
Žádné tagy
LEADER 02243nam a2200397 i 4500
001 312860
003 CZ PrSKC
005 20260601215730.0
007 ta
008 251103s2025 xr g 000 f cze
015 |a cnb003716424 
020 |a 9788076919440  |q (brožováno) :  |c Kč 279,00 
035 |a (OCoLC)1559931814 
040 |a ABG001  |b cze  |e rda 
072 7 |a 821.162.3-3  |x Česká próza  |2 Konspekt 
080 |a 821.162.3-31  |2 MRF 
080 |a (0:82-31)-055.2  |2 MRF 
100 1 |a Laubrová, Markéta  |7 xx0337810  |4 aut 
245 1 0 |a Mrcha /  |c Markéta Laubrová 
250 |a První vydání 
264 1 |a V Praze :  |b Pointa,  |c 2025 
300 |a 178 stran ;  |c 20 cm 
336 |a text  |b txt  |2 rdacontent 
337 |a bez média  |b n  |2 rdamedia 
338 |a svazek  |b nc  |2 rdacarrier 
520 2 |a Proč by se v dospělosti měla trápit nepovedeným vztahem z puberty? Možná proto, že to nebyl rovnocenný vztah. Ona byla dítě. On byl dospělý.  |b Třináctiletá studentka gymnázia prožívá svou první velkou lásku. Zatím nechápe, že poměr, který navázala s třiatřicetiletým mužem, má do zdravého láskyplného vztahu daleko. Jako mladá žena se veze na sebedestruktivní vlně a nevědomky sabotuje jakoukoli šanci na štěstí. Dokud jí do života nevstoupí on. Měl být jen jedním z mnoha, ale probouzí v ní nečekané city - a s nimi přichází i bolestivé uvědomění, že je stále v poutech minulosti. Dokáže se vymanit, nebo v ní trauma zakořenilo příliš hluboko? Nakladatelská anotace. 
655 7 |a české romány  |7 fd133974  |2 czenas 
655 7 |a romány pro ženy  |7 fd187897  |2 czenas 
655 9 |a Czech fiction  |2 eczenas 
655 9 |a women's novels  |2 eczenas 
900 |a ABA001  |b 19 
928 9 |a Albatros Media - Pointa 
044 |a xr 
910 |a RBIT002 
998 |d 423461  |a https://core.palmknihy.cz/api/books/423461/cover?t52j8n  |b https://core.palmknihy.cz/api/books/423461/cover/400?t52j8n  |c https://core.palmknihy.cz/api/books/423461/cover/50?t52j8n  |e 2030-04-01  |g 184  |i 9788076919440  |j https://core.palmknihy.cz/api/books/423461/preview.epub  |k https://core.palmknihy.cz/api/books/423461/preview.pdf  |l   |q 49  |r 1  |s https://www.palmknihy.cz/kniha/423461  |t ebook  |y 2025  |z 0 
999 |d 312858